000 00330nam a2200145Ia 4500
100 _aQuinn. Bob/ Shute Dave
942 _cRB
654 _aWindows
245 _aWindows Sockets Networks Programming
260 _bAddison Wesley Pub
_aWokingham
_c1996
082 _a4.6
_bQUI
300 _a631
546 _aENGLISH
999 _c35165
_d35165